000 00541nam a22002177a 4500
003 UA-OsUOA
001 37546
007 ta
008 20060329b un ||||| |||| 00| 0 ukr d
100 _aТвардовський Я.
090 _a82
_bТ11
942 _cSA
040 _aUA-OsUOA
_bukr
_cUA-OsUOA
_dUA-OsUOA
245 _aВірші
300 _aС.36
955 _a0
041 _aukr
080 _a82
773 0 _w37545
_tКритика
_dК.
_d2006
_g3
650 7 _a82 Література. Літературознавство
_2UDC
999 _c313105
_d313105